Gestión de proyectos de E-Learning
| Main Authors: | , |
|---|---|
| Format: | Section = Libro |
| Language: | Undetermined Spanish |
| Published: |
México
Pearson Prentice Hall
2002
|
| Edition: | 4a.ed |
| Subjects: |
| LEADER | 00761nam a2200289Ia 4500 | ||
|---|---|---|---|
| 008 | 240830s9999 xx 000 0 und d | ||
| 020 | |a 968-444-437-0 | ||
| 040 | |a B-ESTELÍ- RUACS / 658.404 R744 | ||
| 041 | |a spa | ||
| 082 | |a 658.404 R744 | ||
| 100 | 1 | |a Arya, Jagdish C. | |
| 100 | 1 | |b Lardner, Robín W. | |
| 245 | 1 | 0 | |a Gestión de proyectos de E-Learning |
| 250 | |a 4a.ed | ||
| 260 | |a México |b Pearson Prentice Hall |c 2002 | ||
| 300 | |a 856 p. :il | ||
| 650 | 7 | |a MATEMAAS APLICADAS - ADMINISTRACIO - ECONOMIA | |
| 650 | 7 | |b AGEBRA | |
| 650 | 7 | |c ECUACIONES | |
| 650 | 7 | |d FUNCIONES | |
| 650 | 7 | |e LOGARITMOS | |
| 650 | 7 | |f PROGRAMACIÓN LINEAL | |
| 650 | 7 | |g DERIVADAS | |
| 650 | 7 | |h CALCULO | |
| 942 | |c BK |2 ddc | ||
| 991 | |a TEXTO | ||
| 999 | |c 11483 | ||